Welcome to the Holygrace Academy Library

Please use search bar below to get started

VIKRAMADITHYANUM VETHALAVUM (Record no. 1248)

MARC details
000 -LEADER
fixed length control field 00355nam a22001457a 4500
020 ## - INTERNATIONAL STANDARD BOOK NUMBER
ISBN 8084-5000-01-0808
082 ## - DEWEY DECIMAL CLASSIFICATION NUMBER
Classification number 894.812.3
Item number EMM/V
100 ## - MAIN ENTRY--AUTHOR NAME
Personal name IMMATTY,GEORGE
245 ## - TITLE STATEMENT
Title VIKRAMADITHYANUM VETHALAVUM
250 ## - EDITION STATEMENT
Edition statement FIRST
260 ## - PUBLICATION, DISTRIBUTION, ETC. (IMPRINT)
Place of publication THRISSUR
Name of publisher H& C PUBLISHING HOUSE
Year of publication 2008
300 ## - PHYSICAL DESCRIPTION
Number of Pages 62
650 ## - SUBJECT ADDED ENTRY--TOPICAL TERM
Topical Term SHORT STORY MALAYALAM
Geographic subdivision KERALA
942 ## - ADDED ENTRY ELEMENTS (KOHA)
Koha item type Books
Holdings
Withdrawn status Lost status Collection code Home library Current library Shelving location Date acquired Source of acquisition Cost, normal purchase price Full call number Accession Number Koha item type
    Fiction Main Library Main Library SHELF-6C MALAYALAM SHORT STORIES 13/05/2010 PURCHASE 10.00 894.812.3 EMM/V 04100 Books